000 00278nam a22001217a 4500
082 _a894.812.3
_bBAB/T
100 _aBABU ULLALA
245 _aTHENNALI RAMAN KATHAKAL
260 _aCHERTHALA
_bSHARON BOOKS
300 _a66
650 _aMALAYALAM SHORT STORY
_zKERALA
942 _cBK
999 _c1566
_d1566